000 nam a22 7a 4500
999 _c10388
_d10388
008 180215b ||||| |||| 00| 0 eng d
100 _aCBSE
_96342
245 _aComputer Science-XII
260 _aNew Delhi
_bCBSE
_c2012-2013